| 000 | 02555nam0a2200397 4500 | ||
|---|---|---|---|
| 001 | RU\NLR\BIBL_A\016336181 | ||
| 005 | 20260408084246.0 | ||
| 010 |
_a978-5-7513-3457-4 _9100 |
||
| 021 |
_aRU _b2023-12299 _9КН-П-1213 |
||
| 035 | _a(RuMoRGB)011615095 | ||
| 035 | _a(NLR Aleph) 016336181 | ||
| 090 |
_a13076747 _c13076747 |
||
| 100 | _a20230406d2023 |||y0rusy50 ca | ||
| 101 | 0 | _arus | |
| 102 | _aRU | ||
| 105 | _aa j 000zy | ||
| 181 | 0 |
_ai _baxxe |
|
| 182 | 0 | _an | |
| 200 | 1 |
_aСовершенствование медико-социальной реабилитации зубочелюстных аномалий у детей и подростков при различных степенях тяжести дисплазии соединительной ткани _eметодическая разработка _fМинистерство науки и высшего образования Российской Федерации, Северо-Восточный федеральный университет имени М. К. Аммосова, Медицинский институт _gавторы-составители: И. Д. Ушницкий, д. м. н., профессор [и др.] |
|
| 203 |
_aТекст _bвизуальный _cнепосредственный |
||
| 210 |
_aЯкутск _cИздательский дом Северо-Восточного федерального университета _d2023 |
||
| 215 |
_a34 с. _cил., табл. _d21 |
||
| 320 | _aБиблиогр.: с. 32-34 (17 назв.) | ||
| 606 | 1 |
_aСтоматологические болезни детей при дисплазии соединительной ткани _jМетодические пособия _92553827 _3RU\NLR\AUTH\6601723963 |
|
| 606 | 1 |
_aЗубочелюстные аномалии детей при дисплазии соединительной ткани _jМетодические пособия _92553830 _3RU\NLR\AUTH\6601723965 |
|
| 675 |
_a616.314-089.23-053.6(083.13) _v4 |
||
| 686 | 1 | _aР733.665.605.0-37я8 | |
| 686 | 1 | _aР733.66-37я8 | |
| 686 | 1 | _aР733.552-37я8 | |
| 686 | 1 | _aР11(2)064.266я8 | |
| 702 | 1 |
_aУшницкий _bИ. Д. _gИннокентий Дмитриевич _4220 |
|
| 712 | 0 | 2 |
_4570 _aСеверо-Восточный федеральный университет им. М. К. Аммосова _cЯкутск _bМедицинский институт _3RU\NLR\AUTH\8810185896 _9866794 |
| 942 | _cBOOK | ||
| 980 | _aNB | ||